Click Quiz - Video Game Enemy to Franchise - Statistics

General Stats
  • This quiz has been taken 10 times
  • The average score is 13 of 30
Answer Stats
Hint Answer % Correct
Cockatrice Final Fantasy
75%
Werewolf Final Fantasy
75%
Ghast Minecraft
75%
Enderman Minecraft
75%
Goomba Mario
63%
Koopa Troopa Mario
63%
Hammer Bro Mario
63%
Piranha Plant Mario
63%
Creeper Minecraft
63%
Silverfish Minecraft
63%
Eggman Sonic the Hedgehog
63%
Death Knight Final Fantasy
50%
Kamek Mario
50%
Met/Mettool Mega Man
50%
Blaze Minecraft
50%
Chaos Sonic the Hedgehog
50%
Octorok Zelda
50%
Cactuar Final Fantasy
38%
Chocobo Final Fantasy
38%
Robot Master Mega Man
38%
Yellow Devil Mega Man
25%
Maverick Mega Man
25%
Keese Zelda
25%
Wizrobe Zelda
25%
Goriya Zelda
25%
Sniper Joe Mega Man
13%
Caterkiller Sonic the Hedgehog
13%
Buzz Bomber Sonic the Hedgehog
13%
Iron Knuckle Zelda
13%
Moto Bug Sonic the Hedgehog
0%
No matching quizzes found
Score Distribution
Percent of People with Each Score
Percentile by Number Answered
Your Score History
You have not taken this quiz